Score 0/20 Timer 02:00
0 Plays Today
Artist Missing Word % Correct
Guns n' RosesChild
95.2%
Bon JoviName
94.9%
Bon JoviPrayer
93.8%
Guns n' RosesJungle
85.6%
Bon JoviLife
84.2%
MetallicaBell
77.6%
Van HalenStarted
73%
MetallicaSandman
67.4%
Van HalenLove
59.3%
Van HalenTeacher
55.2%
Artist Missing Word % Correct
Guns n' RosesParadise
55.1%
Van HalenDevil
50.4%
Guns n' RosesNovember
48.8%
MetallicaPuppets
46.3%
Bon JoviFaith
45.7%
Bon JoviMedicine
28.1%
Guns n' RosesDemocracy
26.6%
Van HalenRight
24.2%
MetallicaDeath
14%
MetallicaSanitarium
10.9%

Today's Daily Dose

Missing Word
'T' Pairs

Word Ladder
Game Pieces

Get the Picture
Baseball Movies

Remove Ads.
Support Sporcle.
Get the best of Sporcle when you Go Orange. This ad-free experience offers more features, more stats, and more fun while also helping to support Sporcle. Thank you for becoming a member.

You're not logged in!

Compare scores with friends on all Sporcle quizzes.
OR
Log In

Show Comments

Extras

Top Quizzes Today


Score Distribution

Your Account Isn't Verified!

In order to create a playlist on Sporcle, you need to verify the email address you used during registration. Go to your Sporcle Settings to finish the process.

Report this User

Report this user for behavior that violates our Community Guidelines.

Details: